Catálogo

EL HOMBRE ANTE DIOS (Registro nro. 16508)

Detalles MARC
000 -LEADER
fixed length control field 00466nam a2200181 a 4500
001 - CONTROL NUMBER
control field 16508
005 - DATE AND TIME OF LATEST TRANSACTION
control field 20180713205446.0
008 - FIXED-LENGTH DATA ELEMENTS--GENERAL INFORMATION
fixed length control field 140415s1978 000 0 spa d
020 ## - INTERNATIONAL STANDARD BOOK NUMBER
International Standard Book Number 8474900085
041 ## - LANGUAGE CODE
Language code of text/sound track or separate title spa
082 ## - DEWEY DECIMAL CLASSIFICATION NUMBER
Classification number 231.042
Item number SPE
100 1# - MAIN ENTRY--PERSONAL NAME
Personal name SPEYR, ADRIENNE VON
245 13 - TITLE STATEMENT
Title EL HOMBRE ANTE DIOS
260 ## - PUBLICATION, DISTRIBUTION, ETC.
Place of publication, distribution, etc. [s.l.] :
Name of publisher, distributor, etc. ENCUENTRO,
Date of publication, distribution, etc. 1978
300 ## - PHYSICAL DESCRIPTION
Extent 131
490 ## - SERIES STATEMENT
Series statement LIBROS DE BOLSILLO
Volume/sequential designation 4
650 14 - SUBJECT ADDED ENTRY--TOPICAL TERM
Topical term or geographic name entry element DIOS
General subdivision EXISTENCIA DE DIOS
Existencias
Withdrawn status Lost status Source of classification or shelving scheme Damaged status Not for loan Collection code Home library Current library Shelving location Date acquired Source of acquisition Inventory number Total Checkouts Full call number Barcode Date last seen Date last checked out Price effective from Koha item type
    Dewey Decimal Classification     General Biblioteca Karol Wojtyla Biblioteca Karol Wojtyla Sala general 03/12/2013 Compra 151000000000000000057002   231.042 SPE 34311 05/01/2026 22/01/2016 03/12/2013 Libro